| 000 | 01403nam a22002297a 4500 | ||
|---|---|---|---|
| 999 |
_c4014 _d4014 |
||
| 008 | 180815b xxu||||| |||| 00| 0 eng d | ||
| 050 |
_aKRX13 _b.R32 |
||
| 100 |
_aSankah, D R K _cReview of Ghana law |
||
| 222 | _aReview of Ghana law | ||
| 245 |
_aReview of Ghana law: _bDevelopments in Ghana Law _cSanka DRK |
||
| 260 |
_aAccra Ghana _b Council for Law Reporting. _c1996 |
||
| 300 |
_axix,271p _c23cm. |
||
| 310 |
_aMonthly _b25th March, 1974 |
||
| 440 |
_aReview of Ghana law _pxviii _vNo.25 _x08550859 |
||
| 500 | _aIndex of subject matter Table of cases specially noted considered Legislation specially noted or considered | ||
| 521 | _aThe history of the Ghana Legal System: The evolution of unified National System of Courts Customary Offences and the Courts The development of Customary Law The Supreme Court and the Interpretation of the 1992 Ghana Constitution The scope and effect of Judicial Power in the enforcement and defence of the constitution Judicial precedent in Ghana Complicity under the Criminal Code of Ghana Conventional norms and national obligations: Ghana and the exclusive economic zone The law's to soc- economic change Ghana | ||
| 650 |
_2Law -- Ghana. _aLaw -- Ghana -- Periodicals. _x Law. |
||
| 700 |
_aAgbosu, L. K. _cLLM (Ghana), PhD (Lond) |
||
| 700 |
_aEdzie, J. K. E. _cLLB (Ghana) |
||
| 760 | _bReview of Ghana law | ||
| 942 |
_2lcc _cREF |
||